000 00308nam a22001337a 4500
008 170630b xxu||||| |||| 00| 0 eng d
020 _a0393953831
041 _aeng
080 _22ND
_a82
100 _a22
101 _aGJL
245 _aTHE NORTON ANTHOLOGY OF AMERICAN LITERATURE
_cBAYM
942 _2udc
_cBK
999 _c19742
_d19742